Hearthstone- Scrambled Legendaries - Statistics

General Stats
  • This quiz has been taken 9 times
  • The average score is 12 of 25
Answer Stats
Hint Answer % Correct
LORYEE JNEKNSI Leeroy Jenkins
100%
BANNR BRDAEZEBRON Brann Bronzebeard
89%
EWIDN VCLENAFE Edwin VanCleef
89%
RABON DOGDEN Baron Geddon
67%
NOD HNCAOH Don Han'Cho
67%
YGAGSROON, HEPSO DNE Yogg-Saron, Hope's End
67%
HHIG RSTPIE KLJIKE High Priest Jeklik
56%
MOMOJARDO XCUTEESU Majordomo Executus
56%
KLAMU, NTRTYA FO HET VLEA Mukla, Tyrant of the Vale
56%
SYRAE Ysera
56%
AMARCGEH LAGURA Archmage Arugal
44%
FOLB SMBADLREIH Bolf Ramshield
44%
ZOGNE, TEH SKRAH Genzo the Shark
44%
CLEKOASG Kalecgos
44%
GAHKDRA Khadgar
44%
RYAL HTE SRDAHUNR Lyra the Sunshard
44%
YGLMSAO Malygos
44%
FRLWIDE BGNAZFAIZL Wilfred Fizzlebang
44%
XLIRA, SIDEPOON DIMN Xaril, Poisoned Mind
44%
PRMEROE TUARHISNAS Emperor Thaurisan
33%
GNLEIB MTOQKEANKEUR Gelbin Mekkantorque
33%
OZTMEIN Zentimo
33%
ZRKUO Ozruk
22%
WLLAKBOHC PINGSUNER Blackhowl Gunspire
0%
MANCMORED SAYHRS Commander Rhyssa
0%
No matching quizzes found
Score Distribution
Percent of People with Each Score
Percentile by Number Answered
Your Score History
You have not taken this quiz